| 000 | 00495nam a2200169 4500 | ||
|---|---|---|---|
| 001 | 127556 | ||
| 003 | ES-MaACL | ||
| 005 | 20230906193033.0 | ||
| 007 | t| | ||
| 008 | 070214s1971 sp r ||||1| spa d | ||
| 100 | 1 |
_aRifflet-Lemaire, Anika. _997183 |
|
| 245 | 1 | 0 |
_aLacan / _cAnika Rifflet-Lemaire ; traducción de Francisco J. Millet. |
| 260 |
_aBarcelona : _bEdhasa, _c1971. |
||
| 300 |
_a408 p. ; _c22 cm. |
||
| 700 | 1 |
_aMillet, Francisco J. _981242 |
|
| 852 |
_aES-MaACL _jC-38390 _bR.78268 |
||
| 999 |
_c127556 _d127556 |
||